000 00942nmc a2200337 a 4500
003 AR-BaBNM
005 20251128211149.0
008 273020s2004 ||||||||||||||000 | spa||
020 _a950-07-2321-2
040 _cAR-BaBNM
100 1 _aWolf, Ema
245 1 0 _aLa leyenda de la ballena
250 _a2ª ed.
260 _aBuenos Aires
_bSudamericana
_c2004
300 0 _a29 p.
_bil.
490 0 _aCuentamérica. Naturaleza
500 1 _aContiene información sobre hechos, animales, lugares y personajes mencionados
650 4 _aLITERATURA ARGENTINA
650 4 _aLITERATURA INFANTIL
650 4 _aLIBROS PARA NINOS
650 4 _aCUENTOS DE ANIMALES
650 4 _aLEYENDAS
650 4 _aTEHUELCHES
651 4 _aArgentina
655 _aLITERATURA
700 1 _aPrada, Marta B.
_ecolaborador
700 1 _aRojas, Oscar
_eilustrador
700 1 _aFernández, Luciana
_ecolaborador
942 _cBK
998 _craquel
999 _c18524
_d18524